000 00525nam a2200193Ia 4500
005 20240823032304.0
008 240823s9999||||xx |||||||||||||| ||und||
020 _a81-317-1591-4
041 _aENGLISH
082 _A005.1 P9
100 _aIvar Jacobson et al.
245 0 _a"Software Reuse : Architecture,Process and Organization for Business Success"
250 _a1st
260 _c2009
_b"Pearson Education, New "
500 _aYES
650 _aSoftware
_bInformation Technology
942 _cBK
999 _c193099
_d193099